000 00429nam a22001577a 4500
020 _a9788126529469
040 _cNUST
082 _a428.0076 VAN
100 _aBemmel, Eric Van
_9109987
110 _aTucker, Janina
_9109988
245 _aIELTS to Success :
_bPreparation Tips and Practice Tests
250 _a3rd Edition
260 _aNEW DELHI:
_bJOHN WILEY & SONS,
_c2002.
650 _aEnglish Language
942 _2ddc
_cBK
999 _c593575
_d593575